000 00607cam a22001932 4500
001 0000008496
005 20151217152034.0
008 080416s xx 000 0 eng d
020 _a0844741052 :
_cKES880
040 _aKABU
_cKABU
100 1 _aPacker, J. I.
_@0000159104
245 1 0 _aKeep in step with the spirit :
_bfinding fullness in our walk with God /
_cJ. I. Packer.
260 _aLeicester, England :
_bIVP,
_c2005.
300 _a248 p.
650 0 _aChristian life
_xAnglican authors.
_@0000159105
908 _a080416
950 _@1
999 _c7604
_d7604